Populačný vývoj robí starosti
V najbližších rokoch sa očakáva nulový prírastok obyvateľstva Slovenskej republiky. Podiel rómskej populácie narastá. Štatistické prehľady o celkovom prírastku obyvateľstva v SR, prirodzenom prírastku, miery rozvodovosti a priemernom veku. Príčiny vysokej úmrtnosti obyvateľstva na Slovensku.
Gespeichert in:
| 1. Verfasser: | |
|---|---|
| Format: | Buchkapitel |
| Sprache: | Slowakisch |
| Schlagworte: | |
| Tags: |
Keine Tags, Fügen Sie das erste Tag hinzu!
|
MARC
| LEADER | 00000naa a2200000 4500 | ||
|---|---|---|---|
| 001 | r042089 | ||
| 005 | 20230920073334.6 | ||
| 041 | 0 | |a slo | |
| 044 | |a SK | ||
| 245 | 1 | 0 | |a Populačný vývoj robí starosti |c Ivan Polakovič |
| 520 | |a V najbližších rokoch sa očakáva nulový prírastok obyvateľstva Slovenskej republiky. Podiel rómskej populácie narastá. Štatistické prehľady o celkovom prírastku obyvateľstva v SR, prirodzenom prírastku, miery rozvodovosti a priemernom veku. Príčiny vysokej úmrtnosti obyvateľstva na Slovensku. | ||
| 610 | 2 | 0 | |a vývoj populačný |
| 610 | 2 | 0 | |a demografia |
| 610 | 2 | 0 | |a prírastok obyvateľstva |
| 610 | 2 | 0 | |a úmrtnosť |
| 610 | 2 | 0 | |a Slovensko |
| 100 | 1 | |a Polakovič, Ivan | |